[Event "Wch Juvenil 2013 sub-18"]
[Site "Al-Ain UAE"]
[Date "2013.12.21"]
[Round "4.33"]
[White "Martinez Maya, Steven"]
[Black "Schreiner, Till"]
[Result "0-1"]
[BlackElo "2304"]
[PlyCount "136"]
[EventDate "2013.12.19"]
[EventType "swiss"]
[EventRounds "11"]
[EventCountry "UAE"]
[Source "lmi"]
[SourceDate "2013.12.19"]
[WhiteElo "2065"]

1. e4 c6 2. d4 d5 3. Nd2 dxe4 4. Nxe4 Bf5 5. Ng3 Bg6 6. h4 h6 7. Nf3 Nd7 8. h5
Bh7 9. Bd3 Bxd3 10. Qxd3 e6 11. Bf4 Ngf6 12. O-O-O Be7 13. Kb1 O-O 14. Rhe1 c5
15. Qe2 Nd5 16. Bd2 cxd4 17. Nxd4 Bf6 18. Nb3 a5 19. c4 a4 20. cxd5 axb3 21. a3
exd5 22. Bb4 Nb6 23. Rd3 Re8 24. Qxe8+ Qxe8 25. Rxe8+ Rxe8 26. Rxb3 Nc4 27. Rd3
Bxb2 28. Rxd5 Bxa3 29. Bxa3 Nxa3+ 30. Kb2 Nc4+ 31. Kc3 Ne5 32. f3 Nc6 33. Rb5
Re3+ 34. Kc4 Re5 35. Ne4 Kf8 36. Nc5 Re2 37. Nxb7 Rxg2 38. Kd5 Ne7+ 39. Ke4 Rg5
40. Nc5 f5+ 41. Ke5 Kf7 42. Rb7 f4+ 43. Kd4 Rd5+ 44. Kc4 Rxh5 45. Nd3 Ra5 46.
Kd4 Ra4+ 47. Ke5 g5 48. Rb6 Ra3 49. Ke4 Ra4+ 50. Ke5 Ng6+ 51. Kf5 Ra5+ 52. Kg4
Rd5 53. Nb4 Rd2 54. Nc6 Rd6 55. Kh5 Kf6 56. Kxh6 Nh4 57. Kh5 Nxf3 58. Kg4 Nd4
59. Nb4 Rxb6 60. Nd5+ Kg6 61. Nxb6 Nc2 62. Nc8 Ne3+ 63. Kf3 Nc4 64. Ne7+ Kf6
65. Nd5+ Ke5 66. Ne7 Ke6 67. Nc8 Kd7 68. Na7 Nd6 0-1

[Event "Wch Juvenil 2013 sub-18"]
[Site "Al-Ain UAE"]
[Date "2013.12.21"]
[Round "4.34"]
[White "De Abreu, Roberto N"]
[Black "Lkhagvasuren, Tsedvee"]
[Result "1/2-1/2"]
[WhiteElo "2013"]
[BlackElo "2292"]
[PlyCount "157"]
[EventDate "2013.12.19"]
[EventType "swiss"]
[EventRounds "11"]
[EventCountry "UAE"]
[Source "lmi"]
[SourceDate "2013.12.19"]

1. d4 Nf6 2. c4 e6 3. g3 Bb4+ 4. Bd2 Bxd2+ 5. Qxd2 d5 6. Nf3 c6 7. Bg2 Nbd7 8.
O-O O-O 9. Ne5 Nxe5 10. dxe5 Nd7 11. f4 f6 12. cxd5 cxd5 13. exf6 Nxf6 14. Qd4
Bd7 15. Nc3 Rc8 16. Qxa7 b6 17. Qa3 b5 18. Qb3 Qb6+ 19. Kh1 b4 20. Nd1 Qc5 21.
Nf2 Qc2 22. Qxb4 Rb8 23. Qc3 Rxb2 24. Qxc2 Rxc2 25. Bf3 Ra8 26. Ng4 Nxg4 27.
Bxg4 Raxa2 28. Rxa2 Rxa2 29. Rb1 Ra7 30. Kg1 Kf7 31. Kf2 e5 32. Bxd7 Rxd7 33.
fxe5 Ke6 34. Ke3 Kxe5 35. Rb8 Re7 36. Rg8 Kf5+ 37. Kf3 Ke5 38. Ke3 Kf6+ 39. Kf3
Re5 40. Ra8 Rh5 41. h4 Rf5+ 42. Ke3 Re5+ 43. Kf3 Re7 44. Rb8 Ke5 45. Ke3 Kf5+
46. Kf3 Ke5 47. Ke3 h6 48. Ra8 Re6 49. Rg8 d4+ 50. Kd3 Kf6 51. Kxd4 Rxe2 52.
Rf8+ Kg6 53. g4 Re7 54. Ra8 Re6 55. Ra5 Re1 56. Ra6+ Kf7 57. h5 Rg1 58. Rg6 Re1
59. g5 hxg5 60. Rxg5 Re6 61. Re5 Rf6 62. Ke4 Kg8 63. Rf5 Ra6 64. Kf4 Kh7 65.
Re5 Kh6 66. Kg4 Ra4+ 67. Kg3 Rc4 68. Ra5 Rc1 69. Rf5 Ra1 70. Kg4 Ra4+ 71. Kg3
Rc4 72. Ra5 Rb4 73. Rc5 Ra4 74. Rf5 Rc4 75. Ra5 Rb4 76. Rc5 Ra4 77. Rb5 Rc4 78.
Ra5 Rb4 79. Rc5 1/2-1/2

[Event "Wch Juvenil 2013 sub-18"]
[Site "Al-Ain UAE"]
[Date "2013.12.21"]
[Round "4.35"]
[White "Iyti, Basher"]
[Black "Badalyan, Shavarsh"]
[Result "1/2-1/2"]
[WhiteElo "2269"]
[BlackElo "2077"]
[PlyCount "92"]
[EventDate "2013.12.19"]
[EventType "swiss"]
[EventRounds "11"]
[EventCountry "UAE"]
[Source "lmi"]
[SourceDate "2013.12.19"]

1. Nf3 Nf6 2. g3 g6 3. b3 Bg7 4. Bb2 d5 5. c4 c6 6. d3 O-O 7. Nbd2 a5 8. a3 Bf5
9. Bg2 Na6 10. O-O Rc8 11. Qc2 Qb6 12. Rab1 Rfd8 13. Bd4 c5 14. Bxf6 Qxf6 15.
cxd5 b5 16. e4 Bd7 17. Rfe1 Qb6 18. Nf1 Qd6 19. e5 Qb6 20. Ne3 Be8 21. Bh3 Rb8
22. Rbc1 Bh6 23. Qe2 Nc7 24. Nd2 Nxd5 25. Ng4 Bg7 26. Ne4 h5 27. Ne3 Nxe3 28.
Qxe3 Bxe5 29. Nxc5 Bb2 30. Rc2 Bxa3 31. d4 Qd6 32. Qh6 Bxc5 33. dxc5 Qd3 34.
Rce2 Bd7 35. Bg2 Rbc8 36. Rxe7 Re8 37. Rxe8+ Rxe8 38. Rxe8+ Bxe8 39. Qc1 Qxb3
40. Qe1 Bd7 41. c6 Be6 42. c7 Qc4 43. Qxa5 Qc1+ 44. Bf1 b4 45. Qxb4 Qxc7 46.
Qd2 Qe5 1/2-1/2

[Event "Wch Juvenil 2013 sub-18"]
[Site "Al-Ain UAE"]
[Date "2013.12.21"]
[Round "4.36"]
[White "Shetty, Atulya"]
[Black "Grigorian, Roudolph"]
[Result "1/2-1/2"]
[WhiteElo "2350"]
[BlackElo "2101"]
[PlyCount "74"]
[EventDate "2013.12.19"]
[EventType "swiss"]
[EventRounds "11"]
[EventCountry "UAE"]
[Source "lmi"]
[SourceDate "2013.12.19"]

1. c4 Nf6 2. g3 g6 3. Bg2 Bg7 4. Nc3 c5 5. Nf3 Nc6 6. d4 O-O 7. O-O d6 8. d5
Na5 9. Qd3 e5 10. e4 Ne8 11. Ne1 f5 12. exf5 gxf5 13. f4 e4 14. Qe2 h5 15. Bd2
h4 16. Nd1 hxg3 17. hxg3 b6 18. Bc3 Bd4+ 19. Bxd4 cxd4 20. b4 d3 21. Nxd3 exd3
22. Qxd3 Nb7 23. Ne3 Qf6 24. Nc2 Ng7 25. Nd4 a5 26. a3 axb4 27. axb4 Bd7 28.
Bf3 Rfe8 29. Kg2 Rec8 30. Rfe1 Nd8 31. Rxa8 Rxa8 32. Re2 Ra1 33. Nc2 Ra2 34.
Qe3 Ba4 35. Nd4 Ra1 36. Qe7 Qxe7 37. Rxe7 Kf8 1/2-1/2

[Event "Wch Juvenil 2013 sub-18"]
[Site "Al-Ain UAE"]
[Date "2013.12.21"]
[Round "4.38"]
[White "Teh, Eu Wen Aron"]
[Black "Atanasov, Anatoli"]
[Result "1-0"]
[WhiteElo "2272"]
[BlackElo "2041"]
[PlyCount "89"]
[EventDate "2013.12.19"]
[EventType "swiss"]
[EventRounds "11"]
[EventCountry "UAE"]
[Source "lmi"]
[SourceDate "2013.12.19"]

1. d4 Nf6 2. c4 g6 3. Nc3 c5 4. d5 d6 5. e4 Bg7 6. Be2 O-O 7. Bg5 Na6 8. Qd2
Re8 9. Nf3 Nc7 10. O-O a6 11. a4 b6 12. Rfe1 Bd7 13. e5 dxe5 14. Nxe5 Rb8 15.
Bf3 b5 16. axb5 axb5 17. d6 Ne6 18. dxe7 Rxe7 19. Bxf6 Bxf6 20. Nd5 Bxe5 21.
Nxe7+ Qxe7 22. Rxe5 Qf6 23. Rae1 Nd4 24. Bd5 bxc4 25. Bxc4 Be6 26. Bxe6 Nxe6
27. Qc3 Qd8 28. h3 Qd6 29. R5e3 Qd4 30. Rd3 Qb4 31. Qxb4 Rxb4 32. Rd2 Nd4 33.
Re3 Rb7 34. Rc3 Ne6 35. h4 Kf8 36. g3 h6 37. Kg2 g5 38. Rc4 f5 39. Ra4 f4 40.
Ra6 Kf7 41. Rdd6 Re7 42. Kh3 fxg3 43. fxg3 gxh4 44. Kxh4 Nd4 45. Rf6+ 1-0

[Event "Wch Juvenil 2013 sub-18"]
[Site "Al-Ain UAE"]
[Date "2013.12.21"]
[Round "4.39"]
[White "Menezes, Christoph"]
[Black "Esenbek Uulu, Bakai"]
[Result "1-0"]
[WhiteElo "2260"]
[BlackElo "2009"]
[PlyCount "109"]
[EventDate "2013.12.19"]
[EventType "swiss"]
[EventRounds "11"]
[EventCountry "UAE"]
[Source "lmi"]
[SourceDate "2013.12.19"]

1. d4 d5 2. c4 c6 3. Nf3 Nf6 4. Nc3 dxc4 5. a4 Bf5 6. e3 e6 7. Bxc4 Bb4 8. O-O
O-O 9. Nh4 Bg6 10. Nxg6 hxg6 11. Qc2 c5 12. Na2 Nc6 13. dxc5 Qe7 14. Nxb4 Nxb4
15. Qb3 Qxc5 16. Bd2 Nbd5 17. Rac1 Qb6 18. Rfd1 Rfd8 19. a5 Qxb3 20. Bxb3 Rac8
21. Kf1 Ne4 22. Be1 Rc5 23. Rxc5 Nxc5 24. Bc2 Rc8 25. Ke2 f5 26. Rd4 b5 27.
axb6 axb6 28. b4 Nd7 29. Bb3 N7f6 30. f3 Kf7 31. e4 Nf4+ 32. Kd2 Nxg2 33. Bg3
f4 34. Bf2 Ke7 35. e5 Ne8 36. Ba4 Ra8 37. Bb3 Ra1 38. Rc4 b5 39. Rc6 Kd7 40.
Rb6 Rb1 41. Bxe6+ Kc7 42. Bc5 Nh4 43. Bf7 Nxf3+ 44. Kc2 Rxb4 45. Bxb4 Kxb6 46.
Bxe8 Nxe5 47. Bd6 Nf3 48. Bxf4 g5 49. Bg3 Nd4+ 50. Kd3 Nb3 51. Be5 Na5 52. Bxg7
b4 53. Bf8 Kc7 54. Bxb4 Nc6 55. Bxc6 1-0

[Event "Wch Juvenil 2013 sub-18"]
[Site "Al-Ain UAE"]
[Date "2013.12.21"]
[Round "4.40"]
[White "Baskara, Fiodias"]
[Black "Drnovsek, Gal"]
[Result "1-0"]
[WhiteElo "1936"]
[BlackElo "2232"]
[PlyCount "91"]
[EventDate "2013.12.19"]
[EventType "swiss"]
[EventRounds "11"]
[EventCountry "UAE"]
[Source "lmi"]
[SourceDate "2013.12.19"]

1. d4 d5 2. Nf3 Nf6 3. c4 e6 4. Nc3 Be7 5. Bg5 O-O 6. e3 h6 7. Bh4 b6 8. Qc2
Bb7 9. cxd5 exd5 10. Bd3 Nbd7 11. O-O c5 12. Rad1 c4 13. Bf5 a6 14. a4 g6 15.
Bxg6 fxg6 16. Qxg6+ Kh8 17. Qxh6+ Nh7 18. Bxe7 Qxe7 19. Nh4 Qf6 20. Ng6+ Kg8
21. Qh5 Qf7 22. Nxd5 Bxd5 23. Qxd5 Qxd5 24. Ne7+ Kf7 25. Nxd5 Nhf6 26. Nc3 Rab8
27. f3 b5 28. axb5 axb5 29. e4 b4 30. Ne2 Rfc8 31. Ra1 Ra8 32. Kf2 Nb6 33. g4
Na4 34. Rfb1 Nb6 35. Rg1 Na4 36. Rab1 Nb6 37. g5 Ne8 38. f4 Ra2 39. Nc1 Ra6 40.
f5 Nd6 41. Kf3 Kg7 42. f6+ Kg6 43. h4 Re8 44. e5 Nf5 45. Ne2 Nxh4+ 46. Ke4 1-0

[Event "Wch Juvenil 2013 sub-18"]
[Site "Al-Ain UAE"]
[Date "2013.12.21"]
[Round "4.41"]
[White "Gstach, Jakob"]
[Black "Pon, Matt"]
[Result "1/2-1/2"]
[WhiteElo "2227"]
[BlackElo "2006"]
[PlyCount "104"]
[EventDate "2013.12.19"]
[EventType "swiss"]
[EventRounds "11"]
[EventCountry "UAE"]
[Source "lmi"]
[SourceDate "2013.12.19"]

1. d4 Nf6 2. c4 e6 3. Nc3 Bb4 4. Qc2 b6 5. e4 Bxc3+ 6. bxc3 d5 7. e5 Nfd7 8.
cxd5 exd5 9. Nf3 c5 10. Bd3 Nf8 11. h3 h6 12. O-O Ne6 13. Ba3 Bd7 14. Rad1 Nc6
15. Bf5 c4 16. Qd2 Nc7 17. Bc2 Nb5 18. Bc1 Qe7 19. Ba4 Nc7 20. Qb2 b5 21. Bc2
a5 22. Nd2 O-O-O 23. a4 b4 24. Nxc4 dxc4 25. d5 b3 26. dxc6 Bxc6 27. Bf5+ Kb7
28. Qe2 Rxd1 29. Rxd1 Rd8 30. Rxd8 Qxd8 31. Ba3 g6 32. Bb1 Qd5 33. f3 Ne6 34.
Be4 Qd7 35. Qxc4 Qd1+ 36. Kh2 Bxe4 37. Qxe4+ Kb6 38. Qc4 Ng5 39. Qb5+ Kc7 40.
Bd6+ Kd8 41. Qxa5+ Kd7 42. c4 Ke6 43. Qc3 Qc2 44. Bb4 Qxc3 45. Bxc3 Kd7 46. Kg3
Ne6 47. a5 Nc5 48. Kf4 Na4 49. Bd4 b2 50. Bxb2 Nxb2 51. Ke4 Nxc4 52. a6 Nb6
1/2-1/2

[Event "Wch Juvenil 2013 sub-18"]
[Site "Al-Ain UAE"]
[Date "2013.12.21"]
[Round "4.42"]
[White "Abdulla, Abdulwahab"]
[Black "Meylan, Andre"]
[Result "0-1"]
[WhiteElo "1838"]
[BlackElo "2193"]
[PlyCount "92"]
[EventDate "2013.12.19"]
[EventType "swiss"]
[EventRounds "11"]
[EventCountry "UAE"]
[Source "lmi"]
[SourceDate "2013.12.19"]

1. e4 Nf6 2. e5 Nd5 3. c4 Nb6 4. d4 d6 5. exd6 exd6 6. Nc3 Nc6 7. Be3 Be7 8. c5
dxc5 9. dxc5 Qxd1+ 10. Rxd1 Nd7 11. Nd5 Bd8 12. b4 Nf6 13. Nxf6+ Bxf6 14. a3
O-O 15. f3 Bf5 16. Be2 Rad8 17. Kf2 a6 18. h4 Rxd1 19. Bxd1 Bb2 20. g4 Be6 21.
a4 Nxb4 22. Ne2 Rd8 23. Nf4 Bd4 24. Nxe6 Bxe3+ 25. Kxe3 fxe6 26. Be2 Nd5+ 27.
Kf2 Nf4 28. Rb1 Rd2 29. Ke3 Rxe2+ 30. Kxf4 Rc2 31. Ke5 Rxc5+ 32. Kxe6 b6 33.
Rd1 h6 34. Rd4 b5 35. f4 Rc4 36. Rd8+ Kh7 37. axb5 axb5 38. Kf5 b4 39. Rb8 Rc5+
40. Ke4 Rc4+ 41. Kf5 c6 42. g5 hxg5 43. hxg5 Rc5+ 44. Ke6 Rb5 45. Ra8 b3 46.
Ra1 b2 0-1

[Event "Wch Juvenil 2013 sub-18"]
[Site "Al-Ain UAE"]
[Date "2013.12.21"]
[Round "4.43"]
[White "Starcevs, Dmitrijs"]
[Black "Thing, Bibek"]
[Result "1-0"]
[WhiteElo "2178"]
[BlackElo "1902"]
[PlyCount "61"]
[EventDate "2013.12.19"]
[EventType "swiss"]
[EventRounds "11"]
[EventCountry "UAE"]
[Source "lmi"]
[SourceDate "2013.12.19"]

1. e4 c5 2. Nf3 d6 3. d4 cxd4 4. Nxd4 Nf6 5. Nc3 a6 6. Be3 e6 7. g4 h6 8. h3 b5
9. Bg2 Bb7 10. a3 Qc7 11. f4 Nc6 12. g5 Nxd4 13. Bxd4 Ng8 14. Qg4 hxg5 15. Qxg5
Nf6 16. O-O-O Be7 17. Qg3 O-O-O 18. Qe3 Nd7 19. Qg3 e5 20. Be3 exf4 21. Bxf4
Ne5 22. Nd5 Bxd5 23. Rxd5 Bf6 24. Bg5 Bxg5+ 25. Qxg5 Qc4 26. Kb1 Rh6 27. h4 Rg6
28. Bh3+ Nd7 29. Qe7 b4 30. axb4 Qxb4 31. Rd3 1-0

[Event "Wch Juvenil 2013 sub-18"]
[Site "Al-Ain UAE"]
[Date "2013.12.21"]
[Round "4.45"]
[White "Rygg, Snorre"]
[Black "El Jawich, Amro"]
[Result "0-1"]
[WhiteElo "1838"]
[BlackElo "2156"]
[PlyCount "66"]
[EventDate "2013.12.19"]
[EventType "swiss"]
[EventRounds "11"]
[EventCountry "UAE"]
[Source "lmi"]
[SourceDate "2013.12.19"]

1. d4 Nf6 2. Nf3 g6 3. Bf4 Bg7 4. c4 c5 5. Nc3 O-O 6. e4 cxd4 7. Nxd4 d6 8. Nc2
b6 9. Be2 Bb7 10. f3 Nbd7 11. Qd2 Rc8 12. O-O a6 13. Rac1 Qc7 14. Bh6 Bxh6 15.
Qxh6 Ne5 16. b3 b5 17. Nd5 Bxd5 18. cxd5 Qa5 19. a3 Rc7 20. Qe3 Rc3 21. Qd2
Qb6+ 22. Kh1 Rxb3 23. a4 bxa4 24. Nd4 Rb2 25. Qd1 a3 26. Nc6 Nxc6 27. Rxc6 Qe3
28. Bxa6 a2 29. Rc1 Nh5 30. Bc4 Nf4 31. g3 Nh3 32. Qe1 Nf2+ 33. Kg2 Ng4+ 0-1

[Event "Wch Juvenil 2013 sub-18"]
[Site "Al-Ain UAE"]
[Date "2013.12.21"]
[Round "4.47"]
[White "Doluweera, Dinul Thisura"]
[Black "Alarcon Careaga, Gustavo"]
[Result "0-1"]
[WhiteElo "1803"]
[BlackElo "2133"]
[PlyCount "82"]
[EventDate "2013.12.19"]
[EventType "swiss"]
[EventRounds "11"]
[EventCountry "UAE"]
[Source "lmi"]
[SourceDate "2013.12.19"]

1. d4 d5 2. c4 c6 3. Nc3 Nf6 4. e3 a6 5. b3 Bf5 6. Bb2 e6 7. Nf3 Nbd7 8. Ne5
Nxe5 9. dxe5 Nd7 10. f4 b5 11. Bd3 Bxd3 12. Qxd3 dxc4 13. bxc4 Nc5 14. Qc2 Qd3
15. Qe2 bxc4 16. Rd1 Qxe2+ 17. Kxe2 Nd3 18. Ba1 Bb4 19. Na4 Rb8 20. Rc1 Nxc1+
21. Rxc1 O-O 22. Rxc4 Rfd8 23. Nc5 Bxc5 24. Rxc5 Rb5 25. Bd4 Rxc5 26. Bxc5 Rb8
27. Bd4 c5 28. Bc3 Rd8 29. g4 Kf8 30. Ba5 Rd5 31. a4 Ke8 32. Bc3 Rd8 33. h4 Kd7
34. h5 Kc6 35. e4 c4 36. f5 g6 37. Bb4 Rd3 38. hxg6 hxg6 39. Be7 Rg3 40. fxg6
fxg6 41. g5 Rg2+ 0-1

[Event "Wch Juvenil 2013 sub-18"]
[Site "Al-Ain UAE"]
[Date "2013.12.21"]
[Round "4.49"]
[White "Al Zarooni, Ahmed"]
[Black "Malureanu, Costin-George"]
[Result "0-1"]
[WhiteElo "1723"]
[BlackElo "2116"]
[PlyCount "76"]
[EventDate "2013.12.19"]
[EventType "swiss"]
[EventRounds "11"]
[EventCountry "UAE"]
[Source "lmi"]
[SourceDate "2013.12.19"]

1. d4 d5 2. c4 e6 3. Nc3 c6 4. Nf3 dxc4 5. e4 b5 6. a4 Bb4 7. Qc2 Bb7 8. Bd2 a6
9. b3 cxb3 10. Qxb3 Qe7 11. Bd3 Nd7 12. O-O c5 13. dxc5 Nxc5 14. Qxb4 Nxd3 15.
Qd4 Rd8 16. Qxg7 Qf6 17. Qxf6 Nxf6 18. Bg5 Nxe4 19. Nxe4 Bxe4 20. Bxd8 Kxd8 21.
axb5 axb5 22. Rfd1 Ke7 23. Ng5 Bg6 24. Ra7+ Kf6 25. Nxf7 Rb8 26. Nd6 b4 27. Rb7
Rxb7 28. Nxb7 Ke5 29. f3 Kd4 30. Nd6 b3 31. Kf1 b2 32. Nb5+ Kc4 33. Na3+ Kb3
34. Nb1 Kc2 35. Ke2 Nf4+ 36. Ke1 Nxg2+ 37. Ke2 Nf4+ 38. Ke1 Bd3 0-1

[Event "Wch Juvenil 2013 sub-18"]
[Site "Al-Ain UAE"]
[Date "2013.12.21"]
[Round "4.50"]
[White "Aleman Hernandez, Andres"]
[Black "Sengupta, Arjun"]
[Result "1-0"]
[WhiteElo "2110"]
[BlackElo "1533"]
[PlyCount "37"]
[EventDate "2013.12.19"]
[EventType "swiss"]
[EventRounds "11"]
[EventCountry "UAE"]
[Source "lmi"]
[SourceDate "2013.12.19"]

1. e4 e5 2. Nf3 Nc6 3. d4 exd4 4. Bc4 Bc5 5. O-O Nge7 6. Ng5 d5 7. exd5 Ne5 8.
Bb3 O-O 9. Re1 Ng4 10. Ne4 Bb6 11. h3 Ne5 12. Qh5 Nf5 13. Ng5 h6 14. Rxe5 hxg5
15. Bxg5 Qd6 16. Bf4 Bd7 17. Rxf5 g6 18. Bxd6 gxh5 19. Rg5+ 1-0

[Event "Wch Juvenil 2013 sub-18"]
[Site "Al-Ain UAE"]
[Date "2013.12.21"]
[Round "5.2"]
[White "Naroditsky, Daniel"]
[Black "Ma, Zhonghan"]
[Result "1/2-1/2"]
[WhiteElo "2531"]
[BlackElo "2412"]
[PlyCount "53"]
[EventDate "2013.12.19"]
[EventType "swiss"]
[EventRounds "11"]
[EventCountry "UAE"]
[Source "lmi"]
[SourceDate "2013.12.19"]

1. e4 e5 2. Nf3 Nc6 3. Bb5 Nf6 4. d3 Bc5 5. Bxc6 dxc6 6. Nbd2 Nd7 7. Nc4 O-O 8.
O-O Re8 9. Bd2 Qe7 10. a3 Bd6 11. Bc3 f6 12. Re1 Qf7 13. Nxd6 cxd6 14. d4 Nb6
15. a4 Bg4 16. dxe5 dxe5 17. Nxe5 Bxd1 18. Nxf7 Kxf7 19. Raxd1 Nxa4 20. Bd4 c5
21. Be3 b6 22. Rd7+ Re7 23. Rxe7+ Kxe7 24. Rb1 Kd6 25. Kf1 Kc6 26. Bd2 c4 27.
b3 1/2-1/2

[Event "Wch Juvenil 2013 sub-18"]
[Site "Al-Ain UAE"]
[Date "2013.12.21"]
[Round "5.3"]
[White "Makhmutov, Rail"]
[Black "Idani, Pouya"]
[Result "0-1"]
[WhiteElo "2396"]
[BlackElo "2483"]
[PlyCount "154"]
[EventDate "2013.12.19"]
[EventType "swiss"]
[EventRounds "11"]
[EventCountry "UAE"]
[Source "lmi"]
[SourceDate "2013.12.19"]

1. d4 Nf6 2. c4 e6 3. Nc3 c5 4. d5 exd5 5. cxd5 d6 6. Nf3 g6 7. Bf4 Bg7 8. Qa4+
Bd7 9. Qb3 Qc7 10. e4 O-O 11. Nd2 Nh5 12. Be3 f5 13. exf5 Bxf5 14. Be2 Nf6 15.
h3 Qf7 16. O-O Na6 17. a3 Rab8 18. Nc4 Qd7 19. Bf4 Ne8 20. Bh2 b5 21. Ne3 c4
22. Qd1 Nc5 23. Bg4 Nf6 24. Bxf5 gxf5 25. g4 fxg4 26. hxg4 Rbe8 27. a4 Nb3 28.
Ra2 Ne4 29. Nxe4 Rxe4 30. axb5 Nd4 31. Kg2 h5 32. Bg3 Rf3 33. b6 axb6 34. Ra8+
Bf8 35. gxh5 Qg7 36. h6 Qxh6 37. Nxc4 Qg5 38. Ne3 Rexe3 39. Rxf8+ Rxf8 40. fxe3
Nf5 41. Rxf5 Qxf5 42. Bf4 Rf6 43. Kf2 Rg6 44. Qa4 Qxd5 45. Qe8+ Kg7 46. Qe7+
Qf7 47. Qe4 d5 48. Qe5+ Kh7 49. Qh5+ Kg8 50. Qe5 Qe6 51. Qb8+ Kh7 52. Qd8 Qc6
53. Qc7+ Qxc7 54. Bxc7 Rc6 55. Be5 Kg6 56. Bd4 Kf5 57. Kf3 b5 58. Bc3 Rc4 59.
Bg7 Rh4 60. Bd4 Rh3+ 61. Kg2 Kg4 62. Bc5 Rf3 63. Bd4 Rf8 64. Bc3 Rc8 65. Kf2 b4
66. Bxb4 Rc2+ 67. Ke1 Rxb2 68. Bc3 Ra2 69. Kd1 Kf3 70. Bd4 Re2 71. Bc5 Rxe3 72.
Kd2 Rb3 73. Bd4 Ke4 74. Bf6 d4 75. Bg7 Rb2+ 76. Kc1 Rg2 77. Bf8 Ke5 0-1

[Event "Wch Juvenil 2013 sub-18"]
[Site "Al-Ain UAE"]
[Date "2013.12.21"]
[Round "5.4"]
[White "Drozdowski, Kacper"]
[Black "Lewtak, Damian"]
[Result "1/2-1/2"]
[WhiteElo "2463"]
[BlackElo "2306"]
[PlyCount "118"]
[EventDate "2013.12.19"]
[EventType "swiss"]
[EventRounds "11"]
[EventCountry "UAE"]
[Source "lmi"]
[SourceDate "2013.12.19"]

1. e4 c5 2. Nf3 Nc6 3. d4 cxd4 4. Nxd4 Nf6 5. Nc3 e5 6. Ndb5 h6 7. Be3 d6 8.
Nd5 Nxd5 9. exd5 Nb8 10. c4 b6 11. Be2 Nd7 12. O-O a6 13. Nc3 Be7 14. f4 exf4
15. Bxf4 O-O 16. Qd2 Ne5 17. Rae1 Ng6 18. Be3 Rb8 19. Bd3 Ne5 20. Bf4 Bg5 21.
Bb1 f5 22. b3 Bxf4 23. Qxf4 Rb7 24. Ne2 g5 25. Qd2 f4 26. Nd4 Qf6 27. Nc6 Ng4
28. Qd3 Rg7 29. b4 h5 30. Qe4 Kh8 31. h3 Nh6 32. Qd4 Bf5 33. Qxf6 Rxf6 34. Re8+
Kh7 35. Nd4 Bxb1 36. Rxb1 g4 37. Ne6 Rg8 38. Rxg8 Kxg8 39. Rf1 gxh3 40. gxh3 f3
41. c5 bxc5 42. bxc5 dxc5 43. Nxc5 Nf7 44. Kf2 Rf5 45. Ne4 Kf8 46. Rd1 Ke7 47.
d6+ Kd7 48. Rc1 Ng5 49. Rc7+ Kd8 50. Nxg5 Rxg5 51. Kxf3 Ra5 52. Rh7 Rxa2 53.
Rxh5 Rd2 54. Rh6 Kd7 55. Rh7+ Kxd6 56. Rh6+ Ke7 57. Rxa6 Kf7 58. h4 Rd4 59. Kg3
Kg7 1/2-1/2

[Event "Wch Juvenil 2013 sub-18"]
[Site "Al-Ain UAE"]
[Date "2013.12.21"]
[Round "5.5"]
[White "Cori, Jorge"]
[Black "Goryachkina, Aleksandra"]
[Result "1-0"]
[WhiteElo "2609"]
[BlackElo "2428"]
[PlyCount "123"]
[EventDate "2013.12.19"]
[EventType "swiss"]
[EventRounds "11"]
[EventCountry "UAE"]
[Source "lmi"]
[SourceDate "2013.12.19"]

1. d4 d5 2. c4 c6 3. Nf3 Nf6 4. e3 Bg4 5. Nc3 e6 6. h3 Bh5 7. cxd5 Bxf3 8. Qxf3
cxd5 9. Bd3 Nc6 10. O-O Be7 11. g4 Nd7 12. Bd2 O-O 13. Qe2 Nb6 14. Rac1 Rc8 15.
f4 Nb4 16. Bb1 Nc4 17. Be1 Nd6 18. Kg2 Qd7 19. g5 a6 20. h4 b5 21. h5 Nc6 22.
Bf2 f5 23. gxf6 Rxf6 24. Rh1 Nf5 25. Qd3 Rf7 26. Ne2 Bf8 27. Rc3 Qd8 28. Rhc1
Rfc7 29. a3 Nce7 30. Rxc7 Rxc7 31. Rxc7 Qxc7 32. Qc2 Qd7 33. Ng1 Qe8 34. Qd1
Nc8 35. Qg4 Ncd6 36. Nf3 Qc8 37. Bd3 Ne4 38. Ng5 Ned6 39. Qe2 h6 40. Nf3 Be7
41. a4 Qb7 42. axb5 axb5 43. Ne5 Bf6 44. Ng6 Qc6 45. b3 Ne7 46. Ne5 Qe8 47. Ng6
Nxg6 48. Bxg6 Qc8 49. Qa2 Qb7 50. Qa5 Nf5 51. Kf3 Be7 52. Be1 Qc6 53. Qa7 Qd6
54. Ke2 b4 55. Qb7 Qd8 56. Qc6 Nd6 57. Bxb4 Qb8 58. Bxd6 Bxd6 59. Qd7 Kh8 60.
Qxe6 Qb5+ 61. Bd3 Qc6 62. b4 1-0

[Event "Wch Juvenil 2013 sub-18"]
[Site "Al-Ain UAE"]
[Date "2013.12.21"]
[Round "5.6"]
[White "Mons, Leon"]
[Black "Grigoryan, Karen H"]
[Result "0-1"]
[WhiteElo "2428"]
[BlackElo "2604"]
[PlyCount "71"]
[EventDate "2013.12.19"]
[EventType "swiss"]
[EventRounds "11"]
[EventCountry "UAE"]
[Source "lmi"]
[SourceDate "2013.12.19"]

1. e4 e6 2. d4 d5 3. Nd2 c5 4. Ngf3 cxd4 5. Nxd4 Nf6 6. exd5 Nxd5 7. N2f3 Be7
8. Bd3 O-O 9. O-O Nb4 10. Be2 Bf6 11. c3 N4c6 12. Be3 b6 13. Nb5 Qe7 14. Nd6
Rd8 15. Nxc8 Rxc8 16. Qa4 Nd7 17. Ba6 Rc7 18. Bb5 Nd8 19. Qe4 Rac8 20. Rad1 Nc5
21. Qc2 Nc6 22. Rfe1 g6 23. Bf4 Rd7 24. Rxd7 Nxd7 25. Bxc6 Rxc6 26. Qa4 Qc5 27.
Qxa7 Qd5 28. Be3 Rc8 29. a3 Qc6 30. Qa6 Nc5 31. Qe2 Na4 32. Bd4 Bxd4 33. Nxd4
Qd7 34. h3 Rc5 35. Qc2 Qxd4 36. Re4 0-1

[Event "Wch Juvenil 2013 sub-18"]
[Site "Al-Ain UAE"]
[Date "2013.12.21"]
[Round "5.7"]
[White "Anton Guijarro, David"]
[Black "Barbot, Pierre"]
[Result "0-1"]
[WhiteElo "2558"]
[BlackElo "2404"]
[PlyCount "71"]
[EventDate "2013.12.19"]
[EventType "swiss"]
[EventRounds "11"]
[EventCountry "UAE"]
[Source "lmi"]
[SourceDate "2013.12.19"]

1. Nf3 c5 2. c4 Nf6 3. Nc3 d5 4. cxd5 Nxd5 5. g3 Nc6 6. Bg2 Nc7 7. O-O e5 8. a3
f6 9. d3 Be7 10. Be3 O-O 11. Rc1 Bd7 12. Nd2 b6 13. b4 cxb4 14. Nd5 Rc8 15.
Rxc6 Bxc6 16. Nxe7+ Qxe7 17. Bxc6 bxa3 18. Qa4 Ne6 19. Nc4 Kh8 20. Bf3 Nd4 21.
Bxd4 exd4 22. Nxa3 Rfd8 23. Nc4 Rc5 24. Qb4 Rd7 25. Kg2 g6 26. h4 Kg7 27. Qb2
Qd8 28. Nd2 Rdc7 29. Ne4 Rc2 30. Qb3 Rc1 31. Rxc1 Rxc1 32. g4 Rc8 33. Qe6 h6
34. Nd6 Rb8 35. Bc6 Qc7 36. Bd7 0-1

[Event "Wch Juvenil 2013 sub-18"]
[Site "Al-Ain UAE"]
[Date "2013.12.21"]
[Round "5.9"]
[White "Martinez Romero, Martin"]
[Black "Dragun, Kamil"]
[Result "1/2-1/2"]
[WhiteElo "2381"]
[BlackElo "2530"]
[PlyCount "102"]
[EventDate "2013.12.19"]
[EventType "swiss"]
[EventRounds "11"]
[EventCountry "UAE"]
[Source "lmi"]
[SourceDate "2013.12.19"]

1. c4 Nf6 2. Nf3 e6 3. d4 b6 4. a3 Ba6 5. Qc2 Bb7 6. Nc3 c5 7. dxc5 Bxc5 8. e3
O-O 9. Be2 d5 10. cxd5 Nxd5 11. O-O Nxc3 12. Qxc3 Be7 13. Rd1 Qc8 14. Bd2 Nd7
15. Qxc8 Rfxc8 16. Bc3 Nc5 17. Rac1 Nb3 18. Rc2 Be4 19. Bd3 Rd8 20. Ne1 Rac8
21. f3 Bc6 22. Be2 Ba4 23. Rxd8+ Rxd8 24. Kf2 h5 25. Be5 Nc5 26. Rc1 Bb3 27.
Bd4 Bf6 28. Bxc5 bxc5 29. Rxc5 Rd2 30. Kf1 Rxb2 31. Rb5 g6 32. Nd3 Rb1+ 33. Kf2
Bc3 34. f4 Ba2 35. Rc5 Bf6 36. Ra5 Rb7 37. Nb4 Bb1 38. Rb5 Rxb5 39. Bxb5 Be7
40. Nc6 Bc5 41. a4 Be4 42. Ne5 Kg7 43. a5 f6 44. Nf3 Kf7 45. h3 Bb4 46. a6 Bc3
47. g4 hxg4 48. hxg4 Ke7 49. g5 fxg5 50. Nxg5 Bc2 51. Ke2 Bf6 1/2-1/2

[Event "Wch Juvenil 2013 sub-18"]
[Site "Al-Ain UAE"]
[Date "2013.12.21"]
[Round "5.10"]
[White "Abasov, Nijat"]
[Black "Loiseau, Quentin"]
[Result "1/2-1/2"]
[WhiteElo "2510"]
[BlackElo "2388"]
[PlyCount "54"]
[EventDate "2013.12.19"]
[EventType "swiss"]
[EventRounds "11"]
[EventCountry "UAE"]
[Source "lmi"]
[SourceDate "2013.12.19"]

1. d4 d5 2. c4 c6 3. Nf3 Nf6 4. Nc3 e6 5. Qd3 b6 6. e4 Ba6 7. Qe3 dxc4 8. Be2
Be7 9. O-O Nbd7 10. Rd1 Qc7 11. b3 b5 12. bxc4 bxc4 13. Nd2 Nb6 14. a4 c5 15.
a5 cxd4 16. Qxd4 Nbd7 17. Nxc4 Bxc4 18. Bxc4 Rc8 19. Bb5 Bc5 20. Bxd7+ Qxd7 21.
Qxd7+ Nxd7 22. Na4 Bb4 23. a6 Nc5 24. Nxc5 Bxc5 25. Ba3 Bxa3 26. Rxa3 Ke7 27.
Rb3 Rc7 1/2-1/2